000 00563nam a2200205 i 4500
001 93550
003 ES-MaACL
005 20251008063052.0
007 t|
008 050413s1974 sp ||||1| spa d
100 1 _aLópez Álvarez, Luis,
_d1930-
_973395
245 1 0 _aCárcava /
_cLuis López Alvarez.
250 _a[1ª ed.].
260 _aBarcelona :
_bBarral,
_c1974.
300 _a83 p., 4 h. ;
_c18 cm.
490 1 _aOcnos ;
_v45
830 0 _aColección Ocnos
_v45
_9181638
852 _aES-MaACL
_jE-7809
_bR.91463
999 _c93550
_d93550